| 000 | 00447nam a2200157 a 4500 | ||
|---|---|---|---|
| 005 | 20140412111302.0 | ||
| 008 | 001116s19uu xx 00 eng d | ||
| 020 | _a971-8910-44-1 | ||
| 050 |
_aER _bLi72 1999 |
||
| 245 | _aThe little mermaid. | ||
| 260 |
_aMakati City, Philippines : _bStraight Lines International, Inc, _c1999. |
||
| 300 | _a24 p. ; ill. | ||
| 440 | _aClassic Tales Collection | ||
| 650 |
_aMermaids _xFiction |
||
| 999 |
_c103438 _d103438 |
||